=LDR 00000nam 2200000 4500 =001 NUTBA000000000005868 =005 20141112101515.0 =006 =007 =008 =020 ##$$a 979-9314-57-7 =035 ##$$a 0010-111400000000347 =040 ##$$a NBPDMAT =082 ##$$a 612.6 =090 ##$$a 612.6 $b Sim c =100 ##$$a Simanungkalit, Bona =245 ##$$a Cara memilih jenis kelamin bayi + mengatasi kesulitan mendapatkan anak / $c Dr. Bona Simorangkir =260 ##$$a Jakarta : papas Sinar Sinanti, $c 2013 =300 ##$$a 82 hlm. : $b ilus. ; $c 21 cm. =650 ##$$a Reproduksi bayi-jenis kelamin